D03_Bリーグアワードの受賞選手 - Statistics

General Stats
  • This quiz has been taken 9 times
  • The average score is 179 of 237
Answer Stats
シーズン 所属チーム 選手名 % Correct
2016-17 最優秀選手賞(MVP) 川崎 ニック・ファジーカス
100%
2016-17 ベスト5 千葉J 富樫 勇樹
100%
2016-17 ベスト5 三河 金丸 晃輔
100%
2016-17 ベスト5 三河 比江島 慎
100%
2016-17 新人賞 SR渋谷 ベンドラメ 礼生
100%
2016-17 ベストディフェンダー賞 栃木(現・宇都宮) 遠藤 祐亮
100%
2016-17 ベストタフショット賞 横浜BC 川村 卓也
100%
2016-17 得点王 川崎 ニック・ファジーカス
100%
2016-17 アシスト王 富山 宇都 直輝
100%
2016-17 リバウンド王 栃木(現・宇都宮) ライアン・ロシター
100%
2016-17 ベスト3ポイント成功率 三河 金丸 晃輔
100%
2016-17 ベストフリースロー成功率 三河 金丸 晃輔
100%
2016-17 イケメン選手賞 富山 宇都 直輝
100%
2017-18 最優秀選手賞(MVP) 三河 比江島 慎
100%
2017-18 ベスト5 三河 金丸 晃輔
100%
2017-18 ベスト5 川崎 ニック・ファジーカス
100%
2017-18 ベスト5 千葉J 富樫 勇樹
100%
2017-18 アシスト王 富山 宇都 直輝
100%
2017-18 リバウンド王 川崎 ニック・ファジーカス
100%
2017-18 ベストフリースロー成功率 三河 金丸 晃輔
100%
2017-18 B.LEAGUE ファッションアイコン 千葉J 西村 文男
100%
2018-19 最優秀選手賞(MVP) 千葉J 富樫 勇樹
100%
2018-19 ベスト5 栃木(現・宇都宮) 遠藤 祐亮
100%
2018-19 ベスト5 三河 金丸 晃輔
100%
2018-19 ベストディフェンダー賞 栃木(現・宇都宮) 遠藤 祐亮
100%
2018-19 ベスト3ポイント成功率 千葉J 石井 講祐
100%
2018-19 ベストフリースロー成功率 三河 金丸 晃輔
100%
2018-19 ベストタフショット賞 千葉J 富樫 勇樹
100%
2018-19 MIP 新潟 柏木 真介
100%
2018-19 MIP 新潟 五十嵐 圭
100%
2019-20 ベスト5 千葉J 富樫 勇樹
100%
2019-20 ベスト5 三河 金丸 晃輔
100%
2019-20 ベスト5 宇都宮 ライアン・ロシター
100%
2019-20 新人賞ベスト5 三遠 河村 勇輝
100%
2019-20 アシスト王 千葉J 富樫 勇樹
100%
2019-20 リバウンド王 琉球 ジャック・クーリー
100%
2019-20 スティール王 SR渋谷 ベンドラメ 礼生
100%
2019-20 ベストフリースロー成功率 三河 金丸 晃輔
100%
2019-20 ベストタフショット賞 SR渋谷 石井 講祐
100%
2020-21 最優秀選手賞(MVP) 三河 金丸 晃輔
100%
2020-21 ベスト5 千葉J 富樫 勇樹
100%
2020-21 ベスト5 川崎 ニック・ファジーカス
100%
2020-21 新人賞 宇都宮 テーブス 海
100%
2020-21 リバウンド王 琉球 ジャック・クーリー
100%
2021-22 ベスト5 千葉J 富樫 勇樹
100%
2021-22 ベスト5 川崎 ニック・ファジーカス
100%
2021-22 ベスト5 島根 安藤 誓哉
100%
2021-22 アシスト王 千葉J 富樫 勇樹
100%
2022-23 最優秀選手賞(MVP) 横浜BC 河村 勇輝
100%
2022-23 ベスト5 千葉J 富樫 勇樹
100%
2022-23 新人賞 横浜BC 河村 勇輝
100%
2022-23 アシスト王 横浜BC 河村 勇輝
100%
2022-23 リバウンド王 琉球 ジャック・クーリー
100%
2022-23 ココロ、たぎる。賞 横浜BC 河村 勇輝
100%
2022-23 MIP 横浜BC 河村 勇輝
100%
2023-24 ベスト5 宇都宮 比江島 慎
100%
2023-24 ベスト5 千葉J 富樫 勇樹
100%
2023-24 ベスト5 横浜BC 河村 勇輝
100%
2023-24 セカンドチーム A東京 テーブス 海
100%
2023-24 アシスト王 横浜BC 河村 勇輝
100%
2023-24 ベスト3ポイント成功率 宇都宮 比江島 慎
100%
2023-24 B2ベスト3ポイント成功率 A千葉 大塚 裕土
100%
2023-24 ベストタフショット賞 SR渋谷 ベンドラメ 礼生
100%
2023-24 ココロ、たぎる。賞 千葉J 富樫 勇樹
100%
2023-24 On Fire大賞 宇都宮 比江島 慎
100%
2023-24 功労者表彰 川崎 ニック・ファジーカス
100%
2024-25 ベスト5 宇都宮 比江島 慎
100%
2024-25 セカンドチーム 千葉J 富樫 勇樹
100%
2024-25 セカンドチーム 宇都宮 ライアン・ロシター
100%
2024-25 セカンドチーム 島根 安藤 誓哉
100%
2024-25 ベスト3ポイント成功率 宇都宮 比江島 慎
100%
2024-25 ベストフリースロー成功率 川崎 篠山 竜青
100%
2024-25 B2ベスト3ポイント成功率 A千葉 大塚 裕土
100%
2024-25 On Fire大賞 宇都宮 比江島 慎
100%
2024-25 功労賞 越谷 ジェフ・ギブス
100%
2024-25 功労賞 三河 柏木 真介
100%
2023-24 最優秀選手賞(MVP) 宇都宮 D.J・ニュービル
100%
2024-25 最優秀選手賞(MVP) 宇都宮 D.J・ニュービル
100%
2016-17 ベスト5 A東京 田中 大貴
80%
2017-18 ベスト5 A東京 田中 大貴
80%
2017-18 ベスト6thマン 川崎 藤井 祐眞
80%
2017-18 新人賞 A東京 馬場 雄大
80%
2017-18 得点王 新潟 ダバンテ・ガードナー
80%
2017-18 ベスト3ポイント成功率 栃木(現・宇都宮) 喜多川 修平
80%
2018-19 ベスト5 新潟 ダバンテ・ガードナー
80%
2018-19 ベスト5 A東京 田中 大貴
80%
2018-19 ベスト6thマン A東京 馬場 雄大
80%
2018-19 新人賞 三河 岡田 侑大
80%
2018-19 得点王 新潟 ダバンテ・ガードナー
80%
2018-19 スティール王 秋田 中山 拓哉
80%
2019-20 最優秀選手賞(MVP) A東京 田中 大貴
80%
2019-20 ベスト5 川崎 藤井 祐眞
80%
2019-20 ベスト6thマン 川崎 藤井 祐眞
80%
2019-20 新人賞 富山 前⽥ 悟
80%
2019-20 ベストディフェンダー賞 川崎 藤井 祐眞
80%
2019-20 得点王 三河 ダバンテ・ガードナー
80%
2020-21 ベスト5 川崎 藤井 祐眞
80%
2020-21 新人賞ベスト5 京都 寺嶋 良
80%
2020-21 ベストディフェンダー賞 川崎 藤井 祐眞
80%
2020-21 得点王 北海道 ニック・メイヨ
80%
2020-21 ベストフリースロー成功率 秋田 古川 孝敏
80%
2020-21 B2最優秀選手(MVP) 群馬 トレイ・ジョーンズ
80%
2020-21 B2リバウンド王 越谷 アイザック・バッツ
80%
2020-21 B2ベストフリースロー成功率 熊本 佐々木 隆成
80%
2020-21 ベストタフショット賞 川崎 藤井 祐眞
80%
2020-21 On Fire大賞 秋田 中山 拓哉
80%
2021-22 最優秀選手賞(MVP) 川崎 藤井 祐眞
80%
2021-22 ベスト6thマン 千葉J クリストファー・スミス
80%
2021-22 新人賞 三河 西田 優大
80%
2021-22 ベストディフェンダー賞 川崎 藤井 祐眞
80%
2021-22 リバウンド王 A東京 セバスチャン・サイズ
80%
2021-22 B2リバウンド王 越谷 アイザック・バッツ
80%
2021-22 ベストタフショット賞 秋田 中山 拓哉
80%
2021-22 MIP 秋田 中山 拓哉
80%
2021-22 MIP 秋田 古川 孝敏
80%
2021-22 On Fire大賞 秋田 中山 拓哉
80%
2022-23 ベスト5 千葉J 原 修太
80%
2022-23 ベスト5 千葉J クリストファー・スミス
80%
2022-23 ベスト5 島根 ぺリン・ビュフォード
80%
2022-23 ベスト6thマン 千葉J クリストファー・スミス
80%
2022-23 ベストディフェンダー賞 千葉J 原 修太
80%
2022-23 得点王 島根 ぺリン・ビュフォード
80%
2022-23 スティール王 FE名古屋 ジェレミー・ジョーンズ
80%
2022-23 ベスト3ポイント成功率 島根 ニック・ケイ
80%
2022-23 B2最優秀選手(MVP) 長崎 マット・ボンズ
80%
2022-23 B2得点王 長崎 マット・ボンズ
80%
2022-23 B2リバウンド王 山形 トーマス・ウェルシュ
80%
2022-23 B2スティール王 長崎 マット・ボンズ
80%
2022-23 ベストタフショット賞 三河 西田 優大
80%
2022-23 On Fire大賞 秋田 中山 拓哉
80%
2023-24 ベスト5 島根 ぺリン・ビュフォード
80%
2023-24 セカンドチーム 千葉J ジョン・ムーニー
80%
2023-24 セカンドチーム A東京 セバスチャン・サイズ
80%
2023-24 セカンドチーム 名古屋D 齋藤 拓実
80%
2023-24 新人賞 千葉J 金近 廉
80%
2023-24 ベストディフェンダー賞 長崎 馬場 雄大
80%
2023-24 得点王 島根 ぺリン・ビュフォード
80%
2023-24 リバウンド王 千葉J ジョン・ムーニー
80%
2023-24 ブロック王 SR渋谷 ジョシュ・ホーキンソン
80%
2023-24 アジア特別賞 三遠 サーディ・ラベナ
80%
2023-24 功労者表彰 北海道 桜井 良太
80%
2024-25 ベスト5 三遠 デイビッド・ヌワバ
80%
2024-25 ベスト5 三遠 佐々木 隆成
80%
2024-25 ベスト5 琉球 ヴィック・ロー
80%
2024-25 セカンドチーム 三遠 ヤンテ・メイテン
80%
2024-25 セカンドチーム 滋賀 ブロック・モータム
80%
2024-25 ベスト6thマン 三遠 大浦 颯太
80%
2024-25 新人賞 琉球 脇 真大
80%
2024-25 ベストディフェンダー賞 千葉J 原 修太
80%
2024-25 得点王 滋賀 ブロック・モータム
80%
2024-25 アシスト王 三遠 佐々木 隆成
80%
2024-25 リバウンド王 北海道 トーマス・ウェルシュ
80%
2024-25 スティール王 FE名古屋 アーロン・ヘンリー
80%
2024-25 ブロック王 川崎 サッシャ・キリヤ・ジョーンズ
80%
2024-25 B2ブロック王 鹿児島 マット・ハームス
80%
2024-25 B2ベストフリースロー成功率 富山 トーマス・ケネディ
80%
2024-25 ベストタフショット賞 名古屋D 齋藤 拓実
80%
2024-25 アジア特別賞 大阪 レイ・パークスジュニア
80%
2024-25 MIP 千葉J 瀬川 琉久
80%
2024-25 功労賞 香川 岡田 優介
80%
2016-17 ベスト6thマン 千葉J タイラー・ストーン
60%
2016-17 ブロック王 大阪 ジョシュ・ハレルソン
60%
2017-18 スティール王 千葉J マイケル・パーカー
60%
2017-18 ブロック王 横浜BC ハシーム・サビート・マンカ
60%
2017-18 ソーシャルメディアリーダー 千葉J 伊藤 俊亮
60%
2018-19 アシスト王 京都 ジュリアン・マブンガ
60%
2018-19 リバウンド王 大阪 ジョシュ・ハレルソン
60%
2018-19 特別賞 北海道 折茂 武彦
60%
2019-20 新人賞ベスト5 千葉J コー・フリッピン
60%
2019-20 新人賞ベスト5 滋賀 シェーファー アヴィ幸樹
60%
2019-20 ブロック王 川崎 ジョーダン・ヒース
60%
2019-20 功労賞 北海道 折茂 武彦
60%
2020-21 ベスト5 富山 ジュリアン・マブンガ
60%
2020-21 新人賞ベスト5 A東京 小酒部 泰暉
60%
2020-21 新人賞ベスト5 川崎 増田 啓介
60%
2020-21 アシスト王 富山 ジュリアン・マブンガ
60%
2020-21 ブロック王 秋田 アレックス・デイビス
60%
2020-21 B2スティール王 佐賀 レイナルド・ガルシア
60%
2020-21 B2 On Fire大賞 群馬 マイケル・パーカー
60%
2020-21 NEXT STAR賞 川崎 増田 啓介
60%
2021-22 ブロック王 秋田 アレックス・デイビス
60%
2021-22 B2 On Fire大賞 熊本 磯野 寛晃
60%
2022-23 ブロック王 川崎 ジョーダン・ヒース
60%
2022-23 B2ブロック王 西宮(現・神戸) トレイ・ポーター
60%
2022-23 B2 On Fire大賞 熊本 磯野 寛晃
60%
2023-24 セカンドチーム 三遠 コティ・クラーク
60%
2023-24 スティール王 群馬 コー・フリッピン
60%
2023-24 B2最優秀選手(MVP) A千葉 ブランドン・アシュリー
60%
2023-24 B2アシスト王 青森 池田 祐一
60%
2023-24 B2ベストフリースロー成功率 A千葉 木田 貴明
60%
2023-24 MIP 滋賀 川真田 紘也
60%
2024-25 B2最優秀選手(MVP) A千葉 ブランドン・アシュリー
60%
2024-25 B2アシスト王 青森 池田 祐一
60%
2024-25 B2スティール王 青森 ホール 百音 アレックス
60%
2024-25 B2 On Fire大賞 熊本 磯野 寛晃
60%
2021-22 B2得点王 熊本 LJ・ピーク
60%
2016-17 スティール王 SR渋谷 広瀬 健太
40%
2016-17 クール&セクシー選手賞 富山 城宝 匡史
40%
2017-18 ベストディフェンダー賞 三河 橋本 竜馬
40%
2017-18 ベストタフショット賞 琉球 ハッサン・マ-ティン
40%
2018-19 ブロック王 秋田 カディーム・コールビー
40%
2019-20 新人賞ベスト5 三河 熊谷 航
40%
2019-20 MIP 横浜BC 田渡 凌
40%
2020-21 ベスト6thマン 大阪 橋本 拓哉
40%
2020-21 スティール王 三遠 川嶋 勇人
40%
2020-21 ベスト3ポイント成功率 名古屋D 狩野 祐介
40%
2020-21 B2アシスト王 熊本 石川 海斗
40%
2021-22 ベスト5 琉球 ドウェイン・エバンス
40%
2021-22 得点王 北海道 ショーン・ロング
40%
2021-22 スティール王 川崎 パブロ・アギラール
40%
2021-22 ベスト3ポイント成功率 名古屋D 狩野 祐介
40%
2021-22 ベストフリースロー成功率 北海道 橋本 竜馬
40%
2021-22 B2ブロック王 熊本 ベンジャミン・ローソン
40%
2021-22 B2ベストフリースロー成功率 西宮(現・神戸) 道原 紀晃
40%
2022-23 ベストフリースロー成功率 茨城 平尾 充庸
40%
2022-23 B2アシスト王 愛媛 古野 拓巳
40%
2022-23 B2ベスト3ポイント成功率 長崎 狩俣 昌也
40%
2023-24 ベスト6thマン 広島 ケリー・ブラックシアー・ジュニア
40%
2023-24 ベストフリースロー成功率 茨城 平尾 充庸
40%
2023-24 B2得点王 愛媛 ユージーン・フェルプス
40%
2023-24 B2リバウンド王 愛媛 ユージーン・フェルプス
40%
2023-24 B2スティール王 岩手 ケルヴィン・マーティン
40%
2023-24 B2 On Fire大賞 熊本 山本 翔太
40%
2024-25 B2得点王 神戸 チョンディー・ブラウン ジュニア
40%
2016-17 ユーモア選手賞 富山 比留木 謙司
20%
2019-20 ベスト3ポイント成功率 京都 松井 啓十郎
20%
2020-21 新人賞ベスト5 広島 アイザイア・マーフィー
20%
2020-21 B2得点王 山形 アンドリュー・ランダル
20%
2020-21 B2ブロック王 仙台 ダニエル・ミラー
20%
2020-21 B2ベスト3ポイント成功率 佐賀 相馬 卓弥
20%
2020-21 MIP 琉球 並里 成
20%
2021-22 B2最優秀選手(MVP) 香川 テレンス・ウッドベリー
20%
2021-22 B2アシスト王 愛媛 俊野 達彦
20%
2021-22 B2スティール王 佐賀 マイルズ・ヘソン
20%
2021-22 B2ベスト3ポイント成功率 山形 河野 誠司
20%
2023-24 B2ブロック王 奈良 シェイク・ムボジ
20%
2024-25 B2リバウンド王 愛媛 ナイジェル・スパイクス
20%
No matching quizzes found
Score Distribution
Percent of People with Each Score
Percentile by Number Answered
Your Score History
You have not taken this quiz